CBAP, Certified Business Analysis Professional : (Record no. 18700)

MARC details
000 -LEADER
fixed length control field 01254cam a2200313 a 4500
005 - DATE AND TIME OF LATEST TRANSACTION
control field 20230609121135.0
008 - FIXED-LENGTH DATA ELEMENTS--GENERAL INFORMATION
fixed length control field 090626s2009 nyua 001 0 eng
010 ## - LIBRARY OF CONGRESS CONTROL NUMBER
LC control number 2009025226
015 ## - NATIONAL BIBLIOGRAPHY NUMBER
Source bnb
National bibliography number GBA966559
016 7# - NATIONAL BIBLIOGRAPHIC AGENCY CONTROL NUMBER
Record control number 015306950
Source Uk
020 ## - INTERNATIONAL STANDARD BOOK NUMBER
ISBN 9780071626699 (alk. paper)
020 ## - INTERNATIONAL STANDARD BOOK NUMBER
ISBN 0071626697 (alk. paper)
035 ## - SYSTEM CONTROL NUMBER
System control number (OCoLC)ocn276338117
040 ## - CATALOGING SOURCE
Original cataloging agency DLC
Transcribing agency DLC
Modifying agency YDX
-- BTCTA
-- YDXCP
-- UKM
-- ORX
-- DLC
082 00 - DEWEY DECIMAL CLASSIFICATION NUMBER
Classification number 658.0076
Edition number 22
Item number PHI-C
100 1# - MAIN ENTRY--AUTHOR
Author Name Phillips, Joseph.
245 10 - TITLE STATEMENT
Title CBAP, Certified Business Analysis Professional :
Remainder of title all-in-one exam guide /
Statement of responsibility, etc. Joseph Phillips.
260 ## - PUBLICATION, DISTRIBUTION, ETC.
Place of Publication New York :
Name of publisher, distributor, etc. McGraw-Hill,
Date of publication, distribution, etc. c2009.
300 ## - PHYSICAL DESCRIPTION
Pages xvii, 477 p. :
490 1# - SERIES STATEMENT
Series Statement All-in-one
500 ## - GENERAL NOTE
General note Includes index.
538 ## - SYSTEM DETAILS NOTE
System details note System requirements: 20MB hard disk space; Windows 2000 or later; Internet Explorer 6.0 or later, Adobe Acrobat Reader.
650 #0 - SUBJECT ADDED ENTRY--TOPICAL TERM
Subject / Department Business analysts
General subdivision Examinations
Form subdivision Study guides.
650 #0 - SUBJECT ADDED ENTRY--TOPICAL TERM
Subject / Department Business analysts
General subdivision Certification.
246 3# - VARYING FORM OF TITLE
Title proper/short title All-in-one CBAP, Certified Business Analysis Professional exam guide
300 ## - PHYSICAL DESCRIPTION
-- ill. ;
-- 24 cm. +
906 ## - LOCAL DATA ELEMENT F, LDF (RLIN)
a 7
b cbc
c orignew
d 1
e ecip
f 20
g y-gencatlg
952 ## - LOCATION AND ITEM INFORMATION (KOHA)
-- 0
-- 0
Holdings
Lost status Damaged status Permanent Location Current Location Shelving Location Date acquired Full Call Number Accession No./Barcode Date last seen item type
    Superior Information Resource Center (SIRC) Superior University- Gold Campus Superior Information Resource Center (SIRC) Superior University- Gold Campus MISC 06/09/2023 658.007 PHI-C 2009 19298 06/09/2023 BOOK

Powered by Koha